| Tag |
First Indicator |
Second Indicator |
Subfields |
| LEADER |
00000cam a2200000Ka 4500 |
| 001 |
in00002719821 |
| 005 |
20210727160017.0 |
| 006 |
m d |
| 007 |
cr cn| |
| 008 |
110930s2011 gw ob 000 0 eng d |
| 020 |
|
|
|a 3642217508 (electronic bk.)
|
| 020 |
|
|
|a 9783642217500 (electronic bk.)
|
| 035 |
|
|
|a (OCoLC)755080922
|
| 035 |
|
|
|a (OCoLC)ocn755080922
|
| 035 |
|
|
|a 3932850
|
| 037 |
|
|
|a 978-3-642-21749-4
|b Springer
|n http://www.springerlink.com
|
| 040 |
|
|
|a GW5XE
|b eng
|c GW5XE
|d UtOrBLW
|
| 043 |
|
|
|a a-cc---
|
| 049 |
|
|
|a TXAC
|
| 050 |
|
4 |
|a KNQ843
|b .W36 2011
|
| 082 |
0 |
4 |
|a 323.44/80951
|2 23
|
| 100 |
1 |
|
|a Wang, Hao.
|0 http://id.loc.gov/authorities/names/n83173546
|
| 245 |
1 |
0 |
|a Protecting privacy in China :
|b a research on China's privacy standards and the possibility of establishing the Right to Privacy and the Information Privacy Protection Legislation in modern China /
|c Hao Wang.
|
| 264 |
|
1 |
|a Berlin ;
|a New York :
|b Springer,
|c [2011]
|
| 264 |
|
4 |
|c ©2011
|
| 300 |
|
|
|a 1 online resource.
|
| 336 |
|
|
|a text
|b txt
|2 rdacontent
|
| 337 |
|
|
|a computer
|b c
|2 rdamedia
|
| 338 |
|
|
|a online resource
|b cr
|2 rdacarrier
|
| 500 |
|
|
|a Electronic resource.
|
| 504 |
|
|
|a Includes bibliographical references.
|
| 650 |
|
0 |
|a Data protection
|x Law and legislation
|z China.
|
| 650 |
|
0 |
|a Privacy, Right of
|z China.
|
| 655 |
|
7 |
|a Electronic books.
|2 local
|
| 710 |
2 |
|
|a SpringerLink (Online service)
|0 http://id.loc.gov/authorities/names/no2005046756
|
| 856 |
4 |
0 |
|u http://proxy.library.tamu.edu/login?url=https://dx.doi.org/10.1007/978-3-642-21750-0
|z Connect to the full text of this electronic book
|t 0
|
| 994 |
|
|
|a 92
|b TXA
|
| 999 |
|
|
|a MARS
|
| 999 |
f |
f |
|s b61ae366-9156-3a99-a6da-b997f40550c4
|i f75bf9e5-4351-3c08-b27c-15b210392adc
|t 0
|
| 952 |
f |
f |
|a Texas A&M University
|b College Station
|c Electronic Resources
|d Available Online
|t 0
|e KNQ843 .W36 2011
|h Library of Congress classification
|
| 998 |
f |
f |
|a KNQ843 .W36 2011
|t 0
|l Available Online
|